Alchymistova šifra. Znamení moru /
Druhá kniha z napínavé fantasy série o mladém lékárnickém učňi Christopherovi, odehrávající se v 17. století v Anglii. Pro děti staršího školního věku.
Uloženo v:
| Série: | Alchymistova šifra,
část 2 |
|---|---|
| Hlavní autor: | |
| Další autoři: | |
| Médium: | E-kniha |
| Jazyk: | Czech |
| Vydáno: |
V Praze :
Fragment,
2018
|
| Vydání: | 1. vydání |
| Témata: | |
| Příbuzné jednotky: | Z cyklu::
Alchymistova šifra |
| Tagy: |
Žádné tagy |
| LEADER | 02823nam a2200517 i 4500 | ||
|---|---|---|---|
| 001 | 310909 | ||
| 003 | CZ PrSKC | ||
| 005 | 20260601215656.0 | ||
| 007 | ta | ||
| 008 | 180620s2018 xr a c 000 f cze | ||
| 015 | |a cnb003003007 | ||
| 020 | |a 9788025337493 |q (vázáno) : |c Kč 349,00 | ||
| 035 | |a (OCoLC)1048433532 | ||
| 040 | |a OLA001 |b cze |e rda | ||
| 041 | 1 | |a cze |h eng | |
| 072 | 7 | |a 821.111-3 |x Anglická próza, anglicky psaná |2 Konspekt | |
| 072 | 7 | |a 821-93 |x Literatura pro děti a mládež (beletrie) |2 Konspekt | |
| 080 | |a 821.111(71)-31 |2 MRF | ||
| 080 | |a 821-93 |2 MRF | ||
| 080 | |a (0:82-312.9) |2 MRF | ||
| 100 | 1 | |a Sands, Kevin |7 mzk2017972277 |4 aut | |
| 240 | 1 | 0 | |a Mark of the plague. |l Česky |
| 245 | 1 | 0 | |a Alchymistova šifra. |p Znamení moru / |c Kevin Sands ; z anglického originálu A Blackthorn key adventure, book 2 - Mark of the plague přeložil Zdík Dušek |
| 246 | 3 | 0 | |a Znamení moru |
| 250 | |a 1. vydání | ||
| 264 | 1 | |a V Praze : |b Fragment, |c 2018 | |
| 300 | |a 377 stran : |b ilustrace ; |c 22 cm | ||
| 336 | |a text |b txt |2 rdacontent | ||
| 337 | |a bez média |b n |2 rdamedia | ||
| 338 | |a svazek |b nc |2 rdacarrier | ||
| 520 | 2 | |a Druhá kniha z napínavé fantasy série o mladém lékárnickém učňi Christopherovi, odehrávající se v 17. století v Anglii. Pro děti staršího školního věku. |b Do Londýna dorazila černá smrt a celým městem se šíří nemoc a strach. Pokud nějaký lékárník nepřijde s opravdu účinným lékem, čeká město podle tajemného proroka zkáza. Volba s přípravou léku padne na Christopherovu lékárnu Blackthorn. Když ale mladému lékárníkovi začne vyhrožovat smrtí neznámý zabiják, Christopher a jeho kamarád Tom se opět vydávají hledat pravdu a riskují přitom vlastní životy, aby odhalili temné spiknutí. Nakladatelská anotace. | |
| 521 | 8 | |a Pro čtenáře od 10 let | |
| 655 | 7 | |a kanadské romány (anglicky) |7 fd139325 |2 czenas | |
| 655 | 7 | |a fantasy romány |7 fd184199 |2 czenas | |
| 655 | 7 | |a publikace pro děti |7 fd133156 |2 czenas | |
| 655 | 9 | |a Canadian fiction (English) |2 eczenas | |
| 655 | 9 | |a fantasy novels |2 eczenas | |
| 655 | 9 | |a children's literature |2 eczenas | |
| 700 | 1 | |a Dušek, Zdík, |d 1976- |7 ola20040616001 |4 trl | |
| 765 | 1 | |t Blackthorn key | |
| 787 | 0 | 8 | |i Z cyklu: |t Alchymistova šifra |g 2 |
| 900 | |a ABA001 |b 21 | ||
| 044 | |a xr | ||
| 910 | |a RBIT002 | ||
| 998 | |d 178657 |a https://core.palmknihy.cz/api/books/178657/cover?pakb9p |b https://core.palmknihy.cz/api/books/178657/cover/400?pakb9p |c https://core.palmknihy.cz/api/books/178657/cover/50?pakb9p |e 2027-06-07 |g 384 |i 9788025337493 |j https://core.palmknihy.cz/api/books/178657/preview.epub |k https://core.palmknihy.cz/api/books/178657/preview.pdf |l |q 49 |r 1 |s https://www.palmknihy.cz/kniha/178657 |t ebook |y 2018 |z 0 |v Alchymistova šifra |w 2 | ||
| 999 | |d 310907 | ||